Open Data Biblioteca Nacional de Portugal


República Portuguesa: Ministério da Cultura
Biblioteca Nacional de Portugal

Catálogo da BNP: acesso por Identificadores Unívocos
Registos Bibliográficos associados ao registo de autoridade

Etiqueta de registo: 00254nam 2200025 450
001 2284324
003 http://id.bnportugal.gov.pt/bib/catbnp/2284324
100 ## $a20260414d2026 k y0pory01030103ba
101 0# $apor$deng
102 ## $aPT
105 ## $aa z 000yy
106 ## $ar
200 1# $aPreditores da confiança no sistema de saúde português$e uma abordagem multinível$fMaria Rosália Ferreira Rodrigues Filipe$gorient. Ana Margarida Soares Lopes Passos
210 #9 $aLisboa$c[s.n.],$d2025
215 ## $a[8], XIV, 208 p.$d30 cm
328 #1 $aTese dout. Gestão, Faculdade de Ciências Sociais e Tecnologia da Universidade Europeia, 2026
700 #1 $aFilipe,$bMaria Rosália Ferreira Rodrigues$31995631
702 #1 $aPassos,$bAna Margarida$4727$3919743
801 #0 $aPT$bBN$gRPC
966 ## $lBN$mFGMON$x1
971 ## $cisantos$d20260414

OpendataBNP@bnportugal.pt | Mais informação sobre acesso aos dados BNP